|
|
|
|
| LEADER |
00000nab a2200000 a 4500 |
| 001 |
vtls000445351 |
| 003 |
SK-MaSNL |
| 005 |
20260318122636.0 |
| 008 |
230223c1991 xo 0 eng |
| 015 |
|
|
|a SNBRB19rr/mm-uuuuu
|
| 035 |
|
|
|a CL0445481
|
| 035 |
|
|
|a urn:nbn:sk:snk-ab6yvm
|
| 035 |
|
|
|a (uuid)bca6620f-8061-4290-9418-ff02ef681a4d
|
| 035 |
|
|
|a (urnnbn)urn:nbn:sk:snk:ar-a06bjw
|
| 035 |
|
|
|a (sysno)vtls000445351
|
| 040 |
|
|
|a SNKBUCL
|b slo
|c SNKBUCL
|e AACR2
|
| 041 |
0 |
|
|a eng
|
| 044 |
|
|
|a xo
|c SK
|
| 080 |
|
|
|a 616.22-006.6
|2 1981
|
| 245 |
0 |
0 |
|a Lymphokine activated killer cells and interleukin-2 production in patients with cervical carcinoma
|c A. K. De ... [et al.]
|
| 300 |
|
|
|b Tb. 2. Grafy 2., lit. 24 zázn. v angl.
|
| 650 |
0 |
7 |
|a nádory cervikálne
|2 snkbucl
|9 1333521
|
| 650 |
0 |
7 |
|a rakovina hrdla
|2 snkbucl
|9 1546135
|
| 650 |
0 |
7 |
|a interleukíny
|2 snkbucl
|9 20923
|
| 655 |
|
7 |
|a články z novín a časopisov
|2 snkbucl
|9 267496
|
| 700 |
1 |
|
|a De, A. K.
|4 aut
|9 1207459
|
| 700 |
1 |
|
|a Jhaver, K. G.
|4 aut
|9 1207464
|
| 700 |
1 |
|
|a Kamat, M. R.
|4 aut
|9 1207461
|
| 700 |
1 |
|
|a Nadkarni, J. J.
|4 aut
|9 1207455
|
| 773 |
0 |
|
|t Neoplasma
|g Roč. 38, č. 5 (1991), s. 493-499
|
| 850 |
|
|
|a Slovenská národná knižnica v Martine
|a MTA001
|
| 852 |
|
|
|a SNK
|b KIS3GCP
|
| 958 |
|
|
|a RK
|
| 958 |
|
|
|a ME
|
| 958 |
|
|
|a NB
|
| 958 |
|
|
|a OND
|
| 958 |
|
|
|a EUIPO
|
| 958 |
|
|
|a article27
|
| 992 |
|
|
|a RBX
|
| 999 |
|
|
|c 3135241
|d 3137171
|